000 00818cam a22002893a 4500
001 32287
003 PGUSA
005 20140828083711.0
008 100507s2010||||xxu|||||s|||||000 1 eng d
040 _aPGUSA
_beng
042 _adc
050 4 _aPS
100 1 _aLewis, Elisabeth R.
245 1 0 _aKnow Thy Neighbor
_h[electronic resource] /
_cElisabeth R. Lewis
260 _bProject Gutenberg,
_c2010
506 _aPublic domain in the USA.
516 _aElectronic text
653 _aScience fiction
653 _aSan Francisco (Calif.) -- Fiction
653 _aApartment houses -- Fiction
653 _aNeighbors -- Fiction
653 _aShort stories
700 1 _aBeecham, Tom,
_d1926-2000
830 0 _aProject Gutenberg
_v32287
856 4 0 _uhttp://www.gutenberg.org/ebooks/32287
942 _cEB
999 _c261542
_d261542